Central Library OPAC University of Rajshahi

The far command / (Record no. 76859)

MARC details
000 -LEADER
fixed length control field 00781nam a2200253 a 4500
001 - CONTROL NUMBER
control field 76859
003 - CONTROL NUMBER IDENTIFIER
rucl marc code BD-RjUL
005 - DATE AND TIME OF LATEST TRANSACTION
control field 20211209082910.0
008 - FIXED-LENGTH DATA ELEMENTS--GENERAL INFORMATION
fixed length control field 200128s1953 nyu 000 0 eng
035 ## - SYSTEM CONTROL NUMBER
System control number (BD-RjUL)77083
System control number (OCoLC)1465165
040 ## - CATALOGING SOURCE
Original cataloging agency DLC
Transcribing agency FM
Modifying agency DLC
-- BD-RjUL
Language of cataloging eng
041 ## - LANGUAGE CODE
Language code of text/sound track or separate title eng
082 ## - DEWEY DECIMAL CLASSIFICATION NUMBER
Classification number 813.5
Author mark and year CHF 1953
100 1# - MAIN ENTRY--PERSONAL NAME
Personal name Chamberlain, Elinor.
9 (RLIN) 238488
245 14 - TITLE STATEMENT
Title The far command /
Statement of responsibility, etc. Elinor Chamberlain
260 ## - PUBLICATION, DISTRIBUTION, ETC. (IMPRINT)
Place of publication, distribution, etc. New York :
Name of publisher, distributor, etc. Ballantine Books,
Date of publication, distribution, etc. 1953
300 ## - PHYSICAL DESCRIPTION
Pagination 244 p.;
Size 21 cm.
500 ## - GENERAL NOTE
General note "A condensed version...published in the Star weekly, Toronto, Canada, January 12, 1952, under the title The bamboo plow."
600 ## - SUBJECT ADDED ENTRY--PERSONAL NAME
Personal name Chamberlain, Elinor
942 ## - ADDED ENTRY ELEMENTS (KOHA)
Source of classification or shelving scheme Dewey Decimal Classification
Koha item type Books
Holdings
Lost status Source of classification or shelving scheme Damaged status Not for loan Collection code Permanent Location Current Location Shelving location Date acquired Total Checkouts Full call number Date last seen Copy number Koha item type
  Dewey Decimal Classification   Not For Loan Non-fiction Central Library, University of Rajshahi Central Library, University of Rajshahi Reading Room 28/01/2020   813.5 CHF 1953 28/01/2020 C-1 Books